[Event "Albert Boxer mem."]
[Site "Winnipeg CAN"]
[Date "2016.03.22"]
[Round "4"]
[White "Boron, Anthony"]
[Black "Wiebe, Isaac"]
[Result "1/2-1/2"]
[WhiteElo "1951"]
[BlackElo "2210"]
[PlyCount "134"]
[EventDate "2016.03.02"]
[EventType "swiss"]
[EventRounds "5"]
[EventCountry "CAN"]

1. c4 c5 2. g3 Nf6 3. Bg2 Nc6 4. Nc3 e6 5. e4 d5 6. exd5 Nb4 7. a3 Nd3+ 8. Kf1
Be7 9. Qe2 Nxc1 10. Rxc1 O-O 11. d3 Re8 12. Re1 exd5 13. Nxd5 Nxd5 14. Bxd5 Bf5
15. Qf3 Bg6 16. h4 h5 17. Nh3 Bd6 18. Kg2 Qf6 19. Ng5 Be5 20. Re2 Qxf3+ 21.
Nxf3 Bf6 22. Rd2 Re7 23. Re1 Rae8 24. Rxe7 Rxe7 25. d4 cxd4 26. Nxd4 Be4+ 27.
Nf3 Kf8 28. Bxe4 Rxe4 29. Rd7 Rxc4 30. Rxb7 a5 31. Rb5 a4 32. b3 axb3 33. Rxb3
Rc2 34. a4 Ra2 35. Rb4 Ke7 36. Ng5 Bxg5 37. hxg5 Ke6 38. Rf4 f6 39. gxf6 gxf6
40. Kh3 Ra1 41. Rb4 Rh1+ 42. Kg2 Ra1 43. Kf3 Ra2 44. Rf4 f5 45. Ke3 Rc2 46. Kd3
Rc5 47. Rh4 Rc1 48. Rxh5 Rf1 49. Ke2 Ra1 50. Rh4 Ke5 51. Rf4 Rc1 52. Kd2 Rc5
53. Rb4 Rc8 54. Rb5+ Ke4 55. a5 Rc4 56. a6 Ra4 57. f3+ Kxf3 58. Rxf5+ Kxg3 59.
Rf6 Kg4 60. Kc3 Kg5 61. Kb3 Ra1 62. Rd6 Kf5 63. Kb4 Ke5 64. Rh6 Kd5 65. Kb5
Rb1+ 66. Ka5 Kc5 67. Rh5+ Kc6 1/2-1/2

[Event "Albert Boxer mem."]
[Site "Winnipeg CAN"]
[Date "2016.03.22"]
[Round "4"]
[White "Campbell, Jamie"]
[Black "Atem, James"]
[Result "0-1"]
[WhiteElo "1884"]
[BlackElo "1827"]
[PlyCount "40"]
[EventDate "2016.03.02"]
[EventType "swiss"]
[EventRounds "5"]
[EventCountry "CAN"]

1. b3 d5 2. Bb2 Nc6 3. g3 e5 4. Bg2 Nf6 5. d3 Bd6 6. Nd2 O-O 7. c4 d4 8. e3 Re8
9. Ne2 dxe3 10. fxe3 Ng4 11. Nf1 Qf6 12. Nf4 Ba3 13. h3 Bxb2 14. hxg4 exf4 15.
Rb1 fxe3 16. Qe2 Bc3+ 17. Kd1 Nd4 18. g5 Qxg5 19. Rh5 Qg6 20. Be4 Rxe4 0-1

[Event "Albert Boxer mem."]
[Site "Winnipeg CAN"]
[Date "2016.03.22"]
[Round "4"]
[White "Leaden, Bruce"]
[Black "Letain, Cory"]
[Result "1-0"]
[WhiteElo "1548"]
[BlackElo "1646"]
[PlyCount "63"]
[EventDate "2016.03.02"]
[EventType "swiss"]
[EventRounds "5"]
[EventCountry "CAN"]

1. e4 e5 2. Nf3 Nf6 3. Nc3 Bb4 4. Nd5 Nc6 5. Nxb4 Nxb4 6. a3 Nc6 7. d3 h6 8.
Be2 d5 9. Nd2 O-O 10. O-O Nd4 11. f4 Nxe2+ 12. Qxe2 Bg4 13. Qf2 exf4 14. Qxf4
g5 15. Qxf6 Qd7 16. b4 Rad8 17. exd5 Qd6 18. Bb2 Qxf6 19. Rxf6 Kh7 20. Raf1 Bh5
21. c4 Rde8 22. Ne4 Re7 23. Ng3 Bg6 24. Ne4 Bh5 25. Bd4 Rfe8 26. R1f2 Bg6 27.
h3 Bxe4 28. Rxf7+ Rxf7 29. Rxf7+ Kg6 30. Rf6+ Kh5 31. g4+ Kh4 32. Kh2 1-0

[Event "Albert Boxer mem."]
[Site "Winnipeg CAN"]
[Date "2016.03.22"]
[Round "4"]
[White "Trueman, Francis"]
[Black "Marshall, Carter"]
[Result "0-1"]
[WhiteElo "1485"]
[BlackElo "1238"]
[PlyCount "28"]
[EventDate "2016.03.02"]
[EventType "swiss"]
[EventRounds "5"]
[EventCountry "CAN"]

1. Nf3 Nc6 2. d3 e5 3. Nbd2 Bc5 4. g3 Nf6 5. Bg2 O-O 6. O-O Re8 7. Re1 e4 8.
Ng5 Bxf2+ 9. Kf1 Ng4 10. Ndxe4 Ne3+ 11. Bxe3 Bxe3 12. Nf3 d5 13. Nf2 Qf6 14. c3
a5 {and Black won in 36} 0-1

[Event "Albert Boxer mem."]
[Site "Winnipeg CAN"]
[Date "2016.03.22"]
[Round "4"]
[White "Wolchock, Theo"]
[Black "Remillard, John"]
[Result "1-0"]
[WhiteElo "1948"]
[BlackElo "1698"]
[PlyCount "69"]
[EventDate "2016.03.02"]
[EventType "swiss"]
[EventRounds "5"]
[EventCountry "CAN"]

1. c4 Nf6 2. g3 g6 3. Bg2 Bg7 4. Nc3 O-O 5. Nf3 d5 6. d4 Re8 7. O-O c6 8. b3
Bg4 9. Ne5 Bf5 10. Bb2 Ne4 11. f4 f6 12. Nf3 Na6 13. Nd2 Nxd2 14. Qxd2 dxc4 15.
e4 Be6 16. bxc4 Bxc4 17. Rfd1 e5 18. d5 Qb6+ 19. Kh1 Rad8 20. Rab1 Qc7 21. Qf2
exf4 22. gxf4 cxd5 23. Nxd5 Bxd5 24. exd5 b6 25. Rbc1 Qe7 26. Re1 Qd7 27. Rxe8+
Rxe8 28. Re1 Nc5 29. Rxe8+ Qxe8 30. Qd2 Kf7 31. d6 Bf8 32. Bd5+ Kg7 33. Qc3 Qd8
34. d7 Na4 35. Qxf6+ 1-0

[Event "Albert Boxer mem."]
[Site "Winnipeg CAN"]
[Date "2016.03.29"]
[Round "5"]
[White "Atem, James"]
[Black "Bonness, Will"]
[Result "1-0"]
[WhiteElo "1827"]
[BlackElo "1728"]
[PlyCount "25"]
[EventDate "2016.03.02"]
[EventType "swiss"]
[EventRounds "5"]
[EventCountry "CAN"]

1. f4 g6 2. Nf3 Bg7 3. e4 c5 4. Bc4 Nc6 5. O-O d6 6. c3 Nf6 7. e5 dxe5 8. Nxe5
Nxe5 9. fxe5 Nd5 10. Qb3 e6 11. Qb5+ Qd7 12. Qxc5 Bxe5 13. Bb5 1-0

[Event "Albert Boxer mem."]
[Site "Winnipeg CAN"]
[Date "2016.03.29"]
[Round "5"]
[White "Baron, Gustav"]
[Black "Bince, Rolando"]
[Result "1-0"]
[WhiteElo "2162"]
[BlackElo "2018"]
[PlyCount "111"]
[EventDate "2016.03.02"]
[EventType "swiss"]
[EventRounds "5"]
[EventCountry "CAN"]

1. c4 c5 2. Nf3 Nf6 3. d4 e6 4. g3 cxd4 5. Nxd4 Nc6 6. Bg2 a6 7. O-O Qc7 8. b3
d6 9. Bb2 Be7 10. Nc3 O-O 11. Rc1 Bd7 12. Qd2 Nxd4 13. Qxd4 Bc6 14. Nd5 Qd8 15.
Nxe7+ Qxe7 16. Rfd1 Bxg2 17. Kxg2 Rfd8 18. Ba3 Ne8 19. e4 Qc7 20. Rd2 Qa5 21.
Qb2 Rac8 22. Rcd1 Qc7 23. Qd4 f6 24. f3 Qc6 25. Bb4 b6 26. Rd3 a5 27. Ba3 Kf7
28. Qe3 Qc7 29. Qf4 e5 30. Qd2 Ke6 31. f4 Qc6 32. Rd5 a4 33. fxe5 axb3 34. axb3
Ra8 35. Bxd6 Nxd6 36. Rxd6+ Rxd6 37. Qxd6+ Qxd6 38. exd6 Kd7 39. Kf3 Ra2 40. h4
Rb2 41. Rd3 Rb1 42. Ke3 Rb2 43. Kd4 Re2 44. Kd5 Re1 45. b4 Rb1 46. c5 Rc1 47.
cxb6 Rc6 48. Ra3 Rxd6+ 49. Kc5 Re6 50. Ra7+ Kc8 51. Rxg7 h5 52. Kb5 Rxe4 53.
Ka6 Re8 54. Rf7 Kb8 55. Rxf6 Rg8 56. Rh6 1-0

[Event "Albert Boxer mem."]
[Site "Winnipeg CAN"]
[Date "2016.03.29"]
[Round "5"]
[White "Korenbaum, Max"]
[Black "Marshall, Ken"]
[Result "0-1"]
[WhiteElo "1295"]
[BlackElo "1308"]
[PlyCount "68"]
[EventDate "2016.03.02"]
[EventType "swiss"]
[EventRounds "5"]
[EventCountry "CAN"]

1. e4 e5 2. Nf3 Nc6 3. Bc4 Bc5 4. Nc3 d6 5. d3 h6 6. Be3 Bxe3 7. fxe3 f6 8. Nh4
Nge7 9. Nf3 Bg4 10. O-O Qd7 11. d4 O-O-O 12. d5 Na5 13. Bb5 c6 14. dxc6 Naxc6
15. Qd3 f5 16. Nh4 Rhf8 17. exf5 Nxf5 18. Nxf5 Bxf5 19. Bxc6 bxc6 20. e4 Bh7
21. Qa6+ Kb8 22. Qd3 g5 23. Ne2 d5 24. Qb3+ Ka8 25. exd5 Rb8 26. Qc3 Qxd5 27.
Rfd1 Qe6 28. Re1 Be4 29. Ng3 Bd5 30. Rxe5 Qf6 31. Nh1 Qf4 32. Rae1 Qg4 33. R1e2
h5 34. Nf2 Qxg2# 0-1

[Event "Albert Boxer mem."]
[Site "Winnipeg CAN"]
[Date "2016.03.30"]
[Round "5"]
[White "Letain, Cory"]
[Black "Trueman, Francis"]
[Result "1-0"]
[WhiteElo "1646"]
[BlackElo "1485"]
[PlyCount "58"]
[EventDate "2016.03.02"]
[EventType "swiss"]
[EventRounds "5"]
[EventCountry "CAN"]

1. d4 Nf6 2. c4 d6 3. Nc3 g6 4. e4 Bg7 5. f4 O-O 6. Nf3 Nbd7 7. Be2 e5 8. fxe5
dxe5 9. d5 a5 10. O-O Re8 11. Bg5 Nf8 12. h3 h5 13. c5 N8h7 14. Bh4 Bd7 15. Qb3
Qc8 16. Kh2 Rb8 17. Rad1 Bh6 18. Ng5 Nxg5 19. Rxf6 Nh7 20. Rf3 Bf4+ 21. Bg3 Ng5
22. Rfd3 Kg7 23. Rf1 Bxg3+ 24. Rxg3 f6 25. h4 a4 26. Qd1 Nh7 27. Bxh5 Nf8 28.
Bxg6 Re7 29. Bf5+ Kh6 1-0

[Event "Albert Boxer mem."]
[Site "Winnipeg CAN"]
[Date "2016.03.29"]
[Round "5"]
[White "Magyar, Peter"]
[Black "Korenbaum, Max"]
[Result "1/2-1/2"]
[WhiteElo "1489"]
[BlackElo "1289"]
[PlyCount "97"]
[EventDate "2016.03.02"]
[EventType "swiss"]
[EventRounds "5"]
[EventCountry "CAN"]

1. d4 Nf6 2. Bf4 d5 3. Nf3 Nc6 4. Nbd2 Bf5 5. e3 a6 6. c3 e6 7. Be2 Bd6 8. Bg3
O-O 9. O-O Nh5 10. Bh4 Be7 11. Bxe7 Qxe7 12. Ne5 Nxe5 13. dxe5 Qg5 14. Bxh5 Bh3
15. Bf3 Bf5 16. e4 Bh3 17. exd5 Rab8 18. Ne4 Qg6 19. Ng3 Bf5 20. Nxf5 Qxf5 21.
Re1 Rfd8 22. Be4 Qg5 23. d6 cxd6 24. exd6 Qf4 25. d7 Qc7 26. Qh5 h6 27. Rad1
Rxd7 28. Rxd7 Qxd7 29. Rd1 Qe7 30. Qf3 Qc7 31. Qd3 f5 32. Bf3 Qe7 33. g3 Qe8
34. Qd7 Qf8 35. Qxe6+ Kh8 36. Rd7 b5 37. Rf7 Qd8 38. Bb7 f4 39. Qg6 Rxb7 40.
Rxb7 Qd1+ 41. Kg2 Qd5+ 42. Kh3 Qxb7 43. Qe8+ Kh7 44. Qe2 Qd7+ 45. Qg4 Qd2 46.
Qf5+ Kh8 47. Qf8+ Kh7 48. Qf5+ Kh8 49. Qf8+ 1/2-1/2

[Event "Albert Boxer mem."]
[Site "Winnipeg CAN"]
[Date "2016.03.29"]
[Round "5"]
[White "Marshall, Carter"]
[Black "Leaden, Bruce"]
[Result "1-0"]
[WhiteElo "1238"]
[BlackElo "1548"]
[PlyCount "75"]
[EventDate "2016.03.02"]
[EventType "swiss"]
[EventRounds "5"]
[EventCountry "CAN"]

1. e4 e6 2. Nc3 d5 3. exd5 exd5 4. Qe2+ Be6 5. Qb5+ Nc6 6. Qxb7 Nd4 7. Bb5+
Nxb5 8. Qxb5+ Qd7 9. Qxd7+ Kxd7 10. Nf3 Bb4 11. Ne5+ Ke8 12. Nb5 Bd6 13. Nf3
Kd7 14. b3 Bg4 15. Ng5 Be6 16. Nd4 Be5 17. Ngf3 Bf6 18. Bb2 c5 19. Nxe6 fxe6
20. O-O-O Bxb2+ 21. Kxb2 Nf6 22. Ne5+ Kc7 23. d3 Rhf8 24. f3 Nd7 25. Nxd7 Kxd7
26. c4 d4 27. a3 a5 28. Rb1 Rf5 29. Rhe1 Raf8 30. Kc2 g5 31. h3 h5 32. Re4 Kd6
33. b4 cxb4 34. axb4 axb4 35. Rxb4 e5 36. Rb5 g4 37. hxg4 hxg4 38. Rxg4 1-0

[Event "Albert Boxer mem."]
[Site "Winnipeg CAN"]
[Date "2016.03.29"]
[Round "5"]
[White "Marshall, Ken"]
[Black "Remillard, John"]
[Result "0-1"]
[WhiteElo "1308"]
[BlackElo "1698"]
[PlyCount "46"]
[EventDate "2016.03.02"]
[EventType "swiss"]
[EventRounds "5"]
[EventCountry "CAN"]

1. e4 g6 2. d4 Bg7 3. Nf3 d5 4. e5 f6 5. Nc3 Bg4 6. Bb5+ c6 7. Ba4 fxe5 8. dxe5
Bxe5 9. Qxd5 Bxc3+ 10. bxc3 Qxd5 11. Bb3 Qe4+ 12. Be3 Bxf3 13. gxf3 Qxf3 14.
Rg1 Nf6 15. Rd1 Rf8 16. Rg3 Qh1+ 17. Ke2 Qxh2 18. Be6 Qh5+ 19. f3 Qe5 20. Kf2
Qxe6 21. Rd4 Ne4+ 22. Rxe4 Qxe4 23. f4 Nd7 0-1

[Event "Albert Boxer mem."]
[Site "Winnipeg CAN"]
[Date "2016.03.29"]
[Round "5"]
[White "Skop, Mike"]
[Black "Green, Jim"]
[Result "1/2-1/2"]
[WhiteElo "1559"]
[BlackElo "1867"]
[PlyCount "48"]
[EventDate "2016.03.02"]
[EventType "swiss"]
[EventRounds "5"]
[EventCountry "CAN"]

1. e4 e5 2. f4 exf4 3. Nf3 d6 4. Bc4 Bg4 5. d4 Nc6 6. O-O Be7 7. Bxf4 Bxf3 8.
Qxf3 Nf6 9. c3 O-O 10. Nd2 Na5 11. Bd3 Nc6 12. Rad1 Qc8 13. Bg5 Qg4 14. Qe3 Ne8
15. Bf4 Nf6 16. Rf3 Nh5 17. Be2 Nxf4 18. Rxf4 Qd7 19. Bg4 Qd8 20. Qh3 Bg5 21.
Rf5 Bxd2 22. Rxd2 g6 23. Rdf2 Kg7 24. R5f3 Qe7 1/2-1/2

[Event "Albert Boxer mem."]
[Site "Winnipeg CAN"]
[Date "2016.03.29"]
[Round "5"]
[White "Wolchock, Theo"]
[Black "Boron, Anthony"]
[Result "1/2-1/2"]
[WhiteElo "1948"]
[BlackElo "1951"]
[PlyCount "74"]
[EventDate "2016.03.02"]
[EventType "swiss"]
[EventRounds "5"]
[EventCountry "CAN"]

1. c4 e5 2. g3 Nf6 3. Bg2 d5 4. cxd5 Nxd5 5. Nf3 Nc6 6. Nc3 Nb6 7. O-O Be7 8.
d3 O-O 9. b3 Be6 10. Bb2 f6 11. Rc1 Qd7 12. Ne4 Bh3 13. Qc2 Bxg2 14. Kxg2 Rac8
15. Rfd1 Nb4 16. Qb1 c6 17. d4 exd4 18. Bxd4 Qg4 19. h3 Qg6 20. Nh4 Qh5 21. Bc5
Rfe8 22. Bxe7 Rxe7 23. Nd6 Rb8 24. e3 N4d5 25. Nhf5 Re5 26. Rd4 Qe2 27. Rc2 Qa6
28. Rh4 Qd3 29. Rd4 Qa6 30. Rc1 g6 31. Nh4 Qe2 32. Re1 Qh5 33. Rg4 Ne7 34. f4
Re6 35. Ndf5 Nbd5 36. Nxe7+ Nxe7 37. e4 Qa5 1/2-1/2

[Event "Alekhine"]
[Site "Quebec CAN"]
[Date "2016.09.12"]
[Round "1"]
[White "Beauchesne, Jonathan"]
[Black "Cossette, Daniel"]
[Result "0-1"]
[WhiteElo "1783"]
[BlackElo "2078"]
[PlyCount "114"]
[EventDate "2016.09.12"]
[EventType "swiss"]
[EventRounds "5"]
[EventCountry "CAN"]

1. e4 c5 2. Nf3 Nc6 3. c3 Nf6 4. d3 d6 5. g3 g6 6. Bg2 Bg7 7. O-O O-O 8. a4 Bd7
9. Nbd2 Qc8 10. Re1 Ne8 11. Nc4 Bh3 12. Ne3 Bxg2 13. Kxg2 e5 14. h4 h6 15. h5
Ne7 16. hxg6 Qe6 17. Nh4 fxg6 18. Qg4 Qxg4 19. Nxg4 h5 20. Ne3 Nc7 21. Nc4 Rad8
22. Nf3 Ne6 23. Bg5 Nxg5 24. Nxg5 Rf6 25. b4 cxb4 26. cxb4 Bh6 27. Nh3 Nc6 28.
b5 Nd4 29. Rab1 Rdf8 30. Rb2 Kf7 31. b6 a6 32. Na5 Rb8 33. Nc4 Ke6 34. Rf1 d5
35. exd5+ Kxd5 36. Re1 Re6 37. Re4 Rc8 38. Na5 g5 39. Nxb7 Rb8 40. Na5 Rbxb6
41. Rxb6 Rxb6 42. Nc4 Re6 43. Ng1 g4 44. Kf1 Nb3 45. Ne2 Bd2 46. Ne3+ Bxe3 47.
Rxe3 Nd2+ 48. Ke1 Nf3+ 49. Kd1 Rc6 50. Re4 a5 51. Nc1 Rc3 52. Re3 Nd4 53. Kd2
Ra3 54. Ne2 Ra2+ 55. Kd1 Nxe2 56. Rxe2 Rxa4 57. Rc2 e4 0-1

[Event "Alekhine"]
[Site "Quebec CAN"]
[Date "2016.09.12"]
[Round "1"]
[White "Bluteau, Yvon"]
[Black "Leblanc-Legault, Mathieu"]
[Result "1-0"]
[WhiteElo "1894"]
[BlackElo "1695"]
[PlyCount "91"]
[EventDate "2016.09.12"]
[EventType "swiss"]
[EventRounds "5"]
[EventCountry "CAN"]

1. Nf3 e6 2. c4 d5 3. e3 Nf6 4. Qc2 Be7 5. Nc3 O-O 6. b3 c5 7. Bb2 Nc6 8. a3 b6
9. cxd5 exd5 10. Bb5 Bb7 11. O-O a6 12. Bxc6 Bxc6 13. Ne5 Bb7 14. d4 cxd4 15.
exd4 Rc8 16. f3 Nd7 17. Rae1 Bf6 18. Qf5 Nxe5 19. dxe5 Be7 20. Ne2 Bc5+ 21. Nd4
a5 22. Kh1 Qe7 23. Qg4 g6 24. Bc1 h5 25. Qf4 Ba6 26. Rg1 Bxa3 27. Bxa3 Qxa3 28.
Qg5 Rce8 29. g4 Qe7 30. Qh6 Qh4 31. gxh5 Bd3 32. Re3 Qxd4 33. hxg6 Bxg6 34.
Rxg6+ fxg6 35. Qxg6+ Kh8 36. Qh6+ Kg8 37. Re1 Kf7 38. Qf6+ Kg8 39. Qg5+ Kh8 40.
Qh5+ Kg8 41. Rg1+ Qxg1+ 42. Kxg1 Rf7 43. Kf2 Ree7 44. Qg6+ Rg7 45. Qxb6 Rxe5
46. Qb8+ 1-0

[Event "Alekhine"]
[Site "Quebec CAN"]
[Date "2016.09.12"]
[Round "1"]
[White "Boissinot, Claude"]
[Black "Tremblay-Alix, Eric"]
[Result "0-1"]
[WhiteElo "1502"]
[BlackElo "1807"]
[PlyCount "104"]
[EventDate "2016.09.12"]
[EventType "swiss"]
[EventRounds "5"]
[EventCountry "CAN"]

1. e4 c5 2. d4 cxd4 3. c3 d3 4. Bxd3 e5 5. Nf3 Nc6 6. c4 Be7 7. Nc3 Nf6 8. O-O
d6 9. h3 O-O 10. Be3 b6 11. Rc1 Bb7 12. Nd5 Rc8 13. b3 Nd7 14. Bb1 Re8 15. Qd2
Bf8 16. Rfd1 a5 17. Qe2 Ne7 18. Nh2 Nxd5 19. exd5 g6 20. Qd2 f5 21. Bh6 Be7 22.
Rc3 f4 23. g3 Bf8 24. Bxf8 Rxf8 25. Qe2 Nf6 26. Rcd3 Nh5 27. g4 Nf6 28. g5 Nh5
29. Qg4 Rc7 30. h4 Bc8 31. Qe2 Re7 32. Ng4 Kg7 33. Nh2 Bf5 34. Rc3 e4 35. Rdc1
f3 36. Qe3 Re5 37. Re1 Qe7 38. Qd4 Nf4 39. Rce3 Kg8 40. Nf1 Nh3+ 41. Kh2 Nxf2
42. Rc3 Ng4+ 43. Kh1 h6 44. Ng3 hxg5 45. Nxf5 gxf5 46. Qd2 e3 47. Qc2 Qh7 48.
Rc1 Qxh4+ 49. Kg1 f2+ 50. Kf1 e2+ 51. Kg2 Qh2+ 52. Kf3 e1=N+ 0-1

[Event "Alekhine"]
[Site "Quebec CAN"]
[Date "2016.09.12"]
[Round "1"]
[White "Coulon, Dominic"]
[Black "Yergeau, Samuel"]
[Result "0-1"]
[WhiteElo "1798"]
[BlackElo "1222"]
[PlyCount "86"]
[EventDate "2016.09.12"]
[EventType "swiss"]
[EventRounds "5"]
[EventCountry "CAN"]

1. d4 d5 2. Nf3 Nc6 3. Bf4 Nf6 4. h3 e6 5. e3 Bd6 6. Ne5 Ne4 7. Nd2 Nxe5 8.
dxe5 Nxd2 9. Qxd2 Bc5 10. Bd3 b6 11. O-O Bb7 12. Rad1 O-O 13. Qe2 Qd7 14. Qg4
f6 15. exf6 Rxf6 16. Be5 Rf7 17. c4 Raf8 18. h4 Bd6 19. Bc3 dxc4 20. Bc2 Qc6
21. e4 e5 22. Qg3 Qc5 23. Rd2 Rf4 24. Re2 Be7 25. h5 R8f6 26. Bd2 Qd4 27. Bxf4
Rxf4 28. h6 g6 29. Rd1 Qxb2 30. Qh3 Kf7 31. Red2 Bc6 32. Qc8 Qxa2 33. Qh8 Be8
34. Qxe5 Rh4 35. Qd5+ Kf8 36. e5 Qa5 37. Qf3+ Kg8 38. e6 Qh5 39. Qxh5 Rxh5 40.
Ba4 b5 41. Bc2 Re5 42. Ra1 Bd6 43. Rxa7 Re1# 0-1

[Event "Alekhine"]
[Site "Quebec CAN"]
[Date "2016.09.12"]
[Round "1"]
[White "Glode, Martin"]
[Black "Leclerc, Jean-Francois"]
[Result "1-0"]
[WhiteElo "1870"]
[BlackElo "1550"]
[PlyCount "45"]
[EventDate "2016.09.12"]
[EventType "swiss"]
[EventRounds "5"]
[EventCountry "CAN"]

1. e4 c5 2. c3 d5 3. exd5 Qxd5 4. d4 cxd4 5. cxd4 Nc6 6. Nf3 e5 7. Nc3 Bb4 8.
Bd2 Bxc3 9. Bxc3 e4 10. Ne5 Nxe5 11. dxe5 Ne7 12. Qa4+ Bd7 13. Qa3 Qe6 14. Rd1
O-O 15. Rd6 Qf5 16. Be2 Rfd8 17. O-O Ng6 18. Rfd1 Nf4 19. Bf1 Qg5 20. Be1 Bc6
21. Qg3 Rxd6 22. Rxd6 Qxe5 23. Bc3 1-0

[Event "Alekhine"]
[Site "Quebec CAN"]
[Date "2016.09.12"]
[Round "1"]
[White "Potvin, Alain-Nicolas"]
[Black "Pouliot, Lewis"]
[Result "1-0"]
[WhiteElo "1799"]
[BlackElo "1477"]
[PlyCount "38"]
[EventDate "2016.09.12"]
[EventType "swiss"]
[EventRounds "5"]
[EventCountry "CAN"]

1. d4 d5 2. Nf3 Nf6 3. e3 Bg4 4. c4 e6 5. Qb3 b6 6. Ne5 Be7 7. cxd5 exd5 8.
Bb5+ Kf8 9. Nc3 Be6 10. O-O a6 11. Be2 g6 12. Bf3 h5 13. Bd2 b5 14. Ne2 c5 15.
dxc5 Bxc5 16. Nf4 Ne4 17. Bxe4 dxe4 18. Nexg6+ Kg7 19. Nxe6+ fxe6 1-0

[Event "Alekhine"]
[Site "Quebec CAN"]
[Date "2016.09.12"]
[Round "1"]
[White "Tremblay, Rejean"]
[Black "Garneau, Benoit"]
[Result "1-0"]
[WhiteElo "2223"]
[BlackElo "1795"]
[PlyCount "72"]
[EventDate "2016.09.12"]
[EventType "swiss"]
[EventRounds "5"]
[EventCountry "CAN"]

1. d4 Nf6 2. c4 g6 3. Nf3 Bg7 4. Nc3 c5 5. d5 d6 6. g3 O-O 7. Bg2 e6 8. O-O
exd5 9. cxd5 a6 10. a4 Re8 11. Nd2 Nbd7 12. h3 Rb8 13. Nc4 Nb6 14. Na3 Bf5 15.
a5 Nc8 16. Nc4 Ne4 17. Na4 Bd7 18. Qc2 f5 19. Kh2 Bxa4 20. Rxa4 Qe7 21. e3 Na7
22. Ra3 Nb5 23. Rd3 Rf8 24. Rdd1 Rbe8 25. Rfe1 Qf7 26. f3 Nf6 27. Qd3 h6 28. f4
Ne4 29. Re2 Re7 30. Bf3 h5 31. Rg2 Nf6 32. g4 fxg4 33. hxg4 hxg4 34. Bxg4 Kh7
35. Be6 Rxe6 36. dxe6 Qxe6 1-0

[Event "Alekhine"]
[Site "Quebec CAN"]
[Date "2016.09.19"]
[Round "2"]
[White "Bahadi, Khalid"]
[Black "Tremblay, Rejean"]
[Result "0-1"]
[WhiteElo "1887"]
[BlackElo "2223"]
[PlyCount "172"]
[EventDate "2016.09.12"]
[EventType "swiss"]
[EventRounds "5"]
[EventCountry "CAN"]

1. e4 c5 2. Nf3 d6 3. d4 cxd4 4. Nxd4 Nf6 5. Nc3 a6 6. Be2 e6 7. g4 Be7 8. g5
Nfd7 9. h4 b5 10. Be3 Bb7 11. Bf3 Ne5 12. Bg2 Nbd7 13. Qe2 Nc4 14. O-O-O Nxe3
15. Qxe3 b4 16. Na4 Qa5 17. b3 Nc5 18. f4 Nxa4 19. bxa4 Qxa4 20. Kb1 Rc8 21. f5
e5 22. Nb3 Qc6 23. Qf2 Bd8 24. Rd2 a5 25. Rhd1 Bb6 26. Qe2 Rd8 27. Rd5 Qc7 28.
R5d2 O-O 29. f6 g6 30. h5 a4 31. Nc1 Bd4 32. hxg6 fxg6 33. Bh3 Bc8 34. Rd3 Bxh3
35. Rxh3 Rc8 36. Rdh1 h5 37. Qd2 Qb7 38. Qe2 Rc7 39. Qf3 Rfc8 40. Rxh5 gxh5 41.
Qxh5 Rh7 42. Qg6+ Kh8 43. f7 Rxh1 44. Qf6+ Kh7 45. g6+ Kh6 46. g7+ Kh7 47. f8=R
Qxg7 48. Qf5+ Qg6 49. Qxc8 Rxc1+ 50. Kxc1 Qg1+ 51. Kd2 Bc3+ 52. Ke2 Qg2+ 53.
Kd3 Qd2+ 54. Kc4 Qd4+ 55. Kb5 Qxe4 56. Rf7+ Kh6 57. Qh8+ Kg5 58. Qg8+ Kh6 59.
Qf8+ Kh5 60. Qh8+ Kg5 61. Qf6+ Kh5 62. Qxd6 Qxc2 63. Rd7 Qe2+ 64. Qd3 Qxd3+ 65.
Rxd3 a3 66. Rg3 Kh4 67. Rg1 Kh3 68. Kc4 Kh2 69. Rg6 Kh3 70. Kd3 Kh4 71. Rg2 Kh5
72. Ke4 b3 73. axb3 Bb2 74. Rg8 a2 75. Ra8 a1=Q 76. Rxa1 Bxa1 77. b4 Kg5 78. b5
Kf6 79. b6 Bd4 80. b7 Ba7 81. Kf3 Kf5 82. Ke2 Kf4 83. Kf1 Kf3 84. Ke1 e4 85.
Kf1 e3 86. Ke1 e2 0-1

[Event "Alekhine"]
[Site "Quebec CAN"]
[Date "2016.09.19"]
[Round "2"]
[White "Cossette, Daniel"]
[Black "Glode, Martin"]
[Result "1-0"]
[WhiteElo "2078"]
[BlackElo "1870"]
[PlyCount "41"]
[EventDate "2016.09.12"]
[EventType "swiss"]
[EventRounds "5"]
[EventCountry "CAN"]

1. e4 Nf6 2. Nc3 d5 3. e5 d4 4. exf6 dxc3 5. fxg7 cxd2+ 6. Bxd2 Bxg7 7. Qf3
Bxb2 8. Rd1 Nd7 9. Bg5 c6 10. Bc4 Qa5+ 11. Bd2 Qe5+ 12. Ne2 Qf6 13. Qg3 Ne5 14.
Bb3 Qg6 15. O-O Qxg3 16. Nxg3 b6 17. Rfe1 Ba6 18. Bf4 Ng6 19. Nf5 Rd8 20. Nd6+
Kf8 21. Bh6+ 1-0

[Event "Alekhine"]
[Site "Quebec CAN"]
[Date "2016.09.19"]
[Round "2"]
[White "Leclerc, Jean-Francois"]
[Black "Beauchesne, Jonathan"]
[Result "0-1"]
[WhiteElo "1550"]
[BlackElo "1783"]
[PlyCount "92"]
[EventDate "2016.09.12"]
[EventType "swiss"]
[EventRounds "5"]
[EventCountry "CAN"]

1. e4 d6 2. d4 Nf6 3. Nc3 g6 4. f4 Bg7 5. Nf3 O-O 6. Bd3 c6 7. O-O a5 8. a4 Na6
9. e5 dxe5 10. fxe5 Nd5 11. Ne4 Ndc7 12. c3 Ne6 13. Bc4 Nac7 14. Qe1 Nd5 15.
Qh4 h5 16. g4 Nef4 17. gxh5 Nxh5 18. Ng3 Qd7 19. Nxh5 gxh5 20. Qxh5 Qg4+ 21.
Qxg4 Bxg4 22. Bd2 e6 23. Kg2 Bf5 24. Rae1 Rfb8 25. Nh4 Bh7 26. Rf3 b5 27. axb5
cxb5 28. Bxd5 exd5 29. Nf5 Ra7 30. Kh3 Bg6 31. Bg5 Bf8 32. Ref1 a4 33. Bf6 a3
34. bxa3 Rxa3 35. Rg1 b4 36. Rg4 Rxc3 37. Ne3 Bg7 38. Kg3 Bh6 39. Nxd5 Rxf3+
40. Kxf3 Kh7 41. Rh4 b3 42. Bg5 b2 43. Rxh6+ Kg7 44. Nc3 Rb3 45. d5 Rxc3+ 46.
Kf4 b1=Q 0-1

[Event "Alekhine"]
[Site "Quebec CAN"]
[Date "2016.09.19"]
[Round "2"]
[White "Yergeau, Samuel"]
[Black "Bluteau, Yvon"]
[Result "0-1"]
[WhiteElo "1222"]
[BlackElo "1894"]
[PlyCount "102"]
[EventDate "2016.09.12"]
[EventType "swiss"]
[EventRounds "5"]
[EventCountry "CAN"]

1. e4 d5 2. exd5 Nf6 3. Nf3 Qxd5 4. Nc3 Qd8 5. Bc4 e6 6. a3 Be7 7. O-O b6 8.
Ne5 O-O 9. Qf3 c6 10. Nxc6 Nxc6 11. Qxc6 Rb8 12. d3 Bb7 13. Qa4 Qc7 14. Ba2 a6
15. Re1 b5 16. Bf4 Qc6 17. Bd5 Nxd5 18. Nxd5 Qxd5 19. Qe4 Qxe4 20. dxe4 Rbc8
21. c3 Rfd8 22. Rad1 Rxd1 23. Rxd1 Rd8 24. Rxd8+ Bxd8 25. f3 Kf8 26. Be3 Ke7
27. h4 Kd6 28. g3 Kc6 29. b4 f5 30. Kf2 fxe4 31. fxe4 e5 32. Kf3 Bc8 33. Bc5 g6
34. Be3 Be6 35. Bh6 Bb3 36. Ke3 Bb6+ 37. Kf3 Bd1+ 38. Kg2 Be2 39. Bg5 Kd6 40.
Bh6 Ke6 41. Bg5 Kf7 42. Bh6 Kf6 43. Bg5+ Kg7 44. Bd2 Bg4 45. Bc1 h6 46. Bd2 Bd8
47. Be1 g5 48. Bf2 Kg6 49. hxg5 Bxg5 50. Be1 Be3 51. Bf2 Bd2 0-1

[Event "Alekhine"]
[Site "Quebec CAN"]
[Date "2016.09.26"]
[Round "3"]
[White "Bahadi, Khalid"]
[Black "Potvin, Alain-Nicolas"]
[Result "1-0"]
[WhiteElo "1887"]
[BlackElo "1799"]
[PlyCount "60"]
[EventDate "2016.09.12"]
[EventType "swiss"]
[EventRounds "5"]
[EventCountry "CAN"]

1. e4 d6 2. d4 Nf6 3. Nc3 g6 4. f4 Bg7 5. e5 dxe5 6. fxe5 Ng4 7. Be2 Nh6 8. Nf3
Nf5 9. O-O Nc6 10. Bb5 O-O 11. Ne2 a6 12. Bc4 b5 13. Bb3 e6 14. Bf4 Na5 15. Qd2
Nxb3 16. axb3 Bb7 17. g4 Nh4 18. Ne1 Qd5 19. Bg3 f6 20. Nf4 Qe4 21. Bxh4 fxe5
22. Nfg2 exd4 23. Rf4 Qd5 24. c4 bxc4 25. bxc4 Qc6 26. Nd3 e5 27. Nb4 Qe6 28.
Rxf8+ Rxf8 29. h3 e4 30. Re1 Qxc4 1-0